Name the Sanrio Character - Statistics

General Stats
  • This quiz has been taken 1,452 times
  • The average score is 12 of 21
Answer Stats
Picture Answer % Correct
My Melody
96%
Hello Kitty
94%
Kuromi
91%
Cinnamoroll
83%
Pompompurin
83%
Keroppi
78%
Chococat
74%
Gudetama
73%
Little Twin Stars
71%
Pochacco
64%
Tuxedo Sam
58%
Badtz-Maru
55%
Dear Daniel
51%
My Sweet Piano
42%
Aggretsuko
38%
Rilakkuma
38%
Pekkle
30%
Korilakkuma
18%
Monkichi
16%
Cogimyun
14%
Patty & Jimmy
6%
No matching quizzes found
Score Distribution
Percent of People with Each Score
Percentile by Number Answered
Your Score History
You have not taken this quiz